000
00235nam a2200085Ia 4500
008
120527s9999 xx 000 0 und d
100
_a
BEOL, S
245
_a
Introduction to peace and conflict studies in west Africa: A reader
942
_c
BK
999
_c
25795
_d
25795